1980 NFL Standings - Statistics

General Stats
  • This quiz has been taken 9 times
  • The average score is 19 of 28
Answer Stats
Rank (seed) Record NFL Team % Correct
AFC Central Champ (2) 11-5 Cleveland Browns
100%
AFC West Champ (1) 11-5 San Diego Chargers
100%
AFC (11) Missed Playoffs 7-9 Baltimore Colts
83%
AFC East Champ (3) 11-5 Buffalo Bills
83%
AFC (12) Missed Playoffs 6-10 Cincinnati Bengals
83%
AFC Wild Card (5) 11-5 Houston Oilers
83%
AFC (14) Missed Playoffs 4-12 New York Jets
83%
AFC (7) Missed Playoffs 9-7 Pittsburgh Steelers
83%
NFC (12) Missed Playoffs 5-11 St. Louis Cardinals
83%
NFC Wild Card (4) 12-4 Dallas Cowboys
67%
AFC (9) Missed Playoffs 8-8 Denver Broncos
67%
NFC (6) Missed Playoffs 9-7 Detroit Lions
67%
NFC (11) Missed Playoffs 5-10-1 Green Bay Packers
67%
AFC (8) Missed Playoffs 8-8 Kansas City Chiefs
67%
NFC Wild Card (5) 11-5 Los Angeles Rams
67%
AFC (10) Missed Playoffs 8-8 Miami Dolphins
67%
NFC Central Champ (3) 9-7 Minnesota Vikings
67%
AFC (6) Missed Playoffs 10-6 New England Patriots
67%
AFC Wild Card (4) 11-5 Oakland Raiders
67%
NFC East Champ (2) 12-4 Philadelphia Eagles
67%
AFC (13) Missed Playoffs 4-12 Seattle Seahawks
67%
NFC (8) Missed Playoffs 6-10 Washington Redskins
67%
NFC West Champ (1) 12-4 Atlanta Falcons
50%
NFC (7) Missed Playoffs 7-9 Chicago Bears
50%
NFC (13) Missed Playoffs 4-12 New York Giants
50%
NFC (9) Missed Playoffs 6-10 San Francisco 49ers
50%
NFC (10) Missed Playoffs 5-10-1 Tampa Bay Buccaneers
50%
NFC (14) Missed Playoffs 1-15 New Orleans Saints
33%
No matching quizzes found
Score Distribution
Percent of People with Each Score
Percentile by Number Answered
Your Score History
You have not taken this quiz